| 000 | 00605nam a22002057a 4500 | ||
|---|---|---|---|
| 005 | 20240521103444.0 | ||
| 008 | 240521b |||||||| |||| 00| 0 eng d | ||
| 020 | _a0-85292-968-4 | ||
| 082 |
_a150 _bTOP-P |
||
| 100 | _aToplis;John | ||
| 245 |
_aPsychological Testing/ _bA manager's Guide/ _cJohn Toplis |
||
| 250 | _a4th ed. | ||
| 260 |
_aUK; _bChartered Institute of Personnel and Development; _c2005 |
||
| 300 |
_axiii, 166 p.: _bill.; _c24.5 cm. |
||
| 500 | _aInclude index | ||
| 650 | _aPsychology/Psychological Research | ||
| 700 | _aVictor Dulewicz | ||
| 700 | _aClive Fletcher | ||
| 999 |
_c35796 _d35796 |
||